<?xml version="1.0" encoding="UTF-8"?>
<collection xmlns="http://www.loc.gov/MARC21/slim">
 <record>
  <leader>01830nam a22002777a 4500</leader>
  <controlfield tag="001">NCT_4_015801</controlfield>
  <controlfield tag="008">250116b        xxu||||| |||| 00| 0 vie d</controlfield>
  <datafield tag="999" ind1=" " ind2=" ">
   <subfield code="c">8752</subfield>
   <subfield code="d">8752</subfield>
  </datafield>
  <datafield tag="020" ind1=" " ind2=" ">
   <subfield code="a">9786044001241</subfield>
   <subfield code="c">155000</subfield>
  </datafield>
  <datafield tag="082" ind1="0" ind2="4">
   <subfield code="2">23rd ed.</subfield>
   <subfield code="a">302.23</subfield>
   <subfield code="b">A565</subfield>
  </datafield>
  <datafield tag="100" ind1="1" ind2=" ">
   <subfield code="a">Andrews, Marc</subfield>
  </datafield>
  <datafield tag="245" ind1="1" ind2="0">
   <subfield code="a">Hình ảnh điều khiển tâm trí : </subfield>
   <subfield code="b">30 kỹ thuật điều khiển tâm lý trong truyền thông thị giác</subfield>
   <subfield code="c">Marc Andrews, Matthijs van Leeuwen, Rick van Baaren ; Hà Minh Tú (Dịch)</subfield>
  </datafield>
  <datafield tag="250" ind1=" " ind2=" ">
   <subfield code="a">Tái bản</subfield>
  </datafield>
  <datafield tag="260" ind1=" " ind2=" ">
   <subfield code="a">H.</subfield>
   <subfield code="b">Dân trí</subfield>
   <subfield code="c">2023</subfield>
  </datafield>
  <datafield tag="300" ind1=" " ind2=" ">
   <subfield code="a">193 tr.</subfield>
   <subfield code="b">Minh hoạ</subfield>
   <subfield code="c">21 cm</subfield>
  </datafield>
  <datafield tag="490" ind1="0" ind2=" ">
   <subfield code="a">Bộ sách Mỹ thuật ứng dụng trong marketing</subfield>
  </datafield>
  <datafield tag="520" ind1="3" ind2=" ">
   <subfield code="a">Nội dung sách giới thiệu 30 kỹ thuật tâm lý ứng dụng trong truyền thông thị giác được chia tách theo 3 dạng thức nhu cầu của khách hàng: Nhu cầu bản năng, nhu cầu xã hội, nhu cầu cá nhân. Đồng thời khai thác động lực thuyết phục ẩn sau những hình ảnh của các chiến dịch truyền thông.</subfield>
  </datafield>
  <datafield tag="653" ind1=" " ind2=" ">
   <subfield code="a">Truyền thông đa phương tiện</subfield>
  </datafield>
  <datafield tag="700" ind1="1" ind2=" ">
   <subfield code="a">Matthijs van Leeuwen</subfield>
  </datafield>
  <datafield tag="700" ind1="1" ind2=" ">
   <subfield code="a">Rick van Baaren</subfield>
  </datafield>
  <datafield tag="700" ind1="1" ind2=" ">
   <subfield code="a">Hà Minh Tú</subfield>
   <subfield code="e">Dịch</subfield>
  </datafield>
  <datafield tag="942" ind1=" " ind2=" ">
   <subfield code="2">ddc</subfield>
   <subfield code="c">BK</subfield>
  </datafield>
  <datafield tag="952" ind1=" " ind2=" ">
   <subfield code="0">0</subfield>
   <subfield code="1">0</subfield>
   <subfield code="2">ddc</subfield>
   <subfield code="4">0</subfield>
   <subfield code="6">302_230000000000000_A565</subfield>
   <subfield code="7">0</subfield>
   <subfield code="9">30056</subfield>
   <subfield code="a">000001</subfield>
   <subfield code="b">000001</subfield>
   <subfield code="d">2025-01-16</subfield>
   <subfield code="o">302.23 A565</subfield>
   <subfield code="p">MD.23268</subfield>
   <subfield code="r">2025-01-16</subfield>
   <subfield code="v">155000.00</subfield>
   <subfield code="w">2025-01-16</subfield>
   <subfield code="y">BK</subfield>
  </datafield>
  <datafield tag="952" ind1=" " ind2=" ">
   <subfield code="0">0</subfield>
   <subfield code="1">0</subfield>
   <subfield code="2">ddc</subfield>
   <subfield code="4">0</subfield>
   <subfield code="6">302_230000000000000_A565</subfield>
   <subfield code="7">0</subfield>
   <subfield code="9">30057</subfield>
   <subfield code="a">000001</subfield>
   <subfield code="b">000001</subfield>
   <subfield code="d">2025-01-16</subfield>
   <subfield code="o">302.23 A565</subfield>
   <subfield code="p">MD.23269</subfield>
   <subfield code="r">2025-01-16</subfield>
   <subfield code="v">155000.00</subfield>
   <subfield code="w">2025-01-16</subfield>
   <subfield code="y">BK</subfield>
  </datafield>
  <datafield tag="952" ind1=" " ind2=" ">
   <subfield code="0">0</subfield>
   <subfield code="1">0</subfield>
   <subfield code="2">ddc</subfield>
   <subfield code="4">0</subfield>
   <subfield code="6">302_230000000000000_A565</subfield>
   <subfield code="7">0</subfield>
   <subfield code="9">30058</subfield>
   <subfield code="a">000001</subfield>
   <subfield code="b">000001</subfield>
   <subfield code="d">2025-01-16</subfield>
   <subfield code="o">302.23 A565</subfield>
   <subfield code="p">MD.23270</subfield>
   <subfield code="r">2025-01-16</subfield>
   <subfield code="v">155000.00</subfield>
   <subfield code="w">2025-01-16</subfield>
   <subfield code="y">BK</subfield>
  </datafield>
  <datafield tag="980" ind1=" " ind2=" ">
   <subfield code="a">Thư viện Trường Đại học Nam Cần Thơ</subfield>
  </datafield>
 </record>
</collection>
